000 00786nam a22001937a 4500
999 _c60562
_d60562
005 20230905102952.0
008 230904s2022 geo||||| |||| 00| 0 eng d
020 _a9789941488702
041 _aeng
080 _a811.111(09)(075.8) G-98
100 _aGvarishvili, Zeinab
_919767
245 _aHistory of the English Language :
_b[Old English, Middle English, Modern English] /
_cZeinab Gvarishvili; Editors: Tinatin Margalitadze, Malkhaz Abuladze.
264 _aBatumi:
_bShota Rustaveli State university,
_c2022.
300 _a242 p. ;
_b25 cm.
653 _aინგლისური ენის ისტორია
700 _aMargalitadze, Tinatin
_eრედაქტორი
_919768
700 _aAbuladze, Malkhaz
_eრედაქტორი
_919769
942 _2udc
_cBK